00422nam a2200157Ia 4500003000400000008004100004040001600045082001500061100001600076245005700092700001900149260003000168300000800198650003200206650002600238GCL140319s9999 xx 000 0 eng d aGCL / cGCL04a005.13bHC1 aHALL, JACLA10aCAES AND APPLEICTIONS IN LOTUS 1-2-3 / cHALL, JACLA1 aKATTAS, JOHN F a[S.N] : bIRWIN ، c1995 a35504aLOTUS 1-2-3 (COMPUTER FILE)04aCOMPUTER - PROPGRAMME